Eléments de Mathématique: théories spectrales
Uloženo v:
| Hlavní autor: | |
|---|---|
| Médium: | Kniha |
| Jazyk: | francouzština |
| Vydáno: |
París, Francia
Hermann
1967
|
| Edice: | Actualités Scientifiques et Industrielles.
1332 |
| Témata: | |
| Tagy: |
Přidat tag
Žádné tagy, Buďte první, kdo vytvoří štítek k tomuto záznamu!
|
MARC
| LEADER | 00000nam a2200000 a 4500 | ||
|---|---|---|---|
| 001 | UCP0595 | ||
| 003 | CL-VaPUC | ||
| 005 | 20230629114115.0 | ||
| 008 | 990313e19670000FR |||||||||||||||||fre|d | ||
| 999 | |c 279358 |d 279356 | ||
| 040 | |c Pontificia Universidad Católica de Valparaíso | ||
| 082 | 0 | 4 | |a 515.722 BOU 1967 |2 21 |
| 100 | 0 | |a Bourbaki, Nicolás |9 425959 | |
| 245 | 1 | 0 | |a Eléments de Mathématique: théories spectrales |
| 260 | 0 | 3 | |a París, Francia |b Hermann |c 1967 |
| 300 | |a v | ||
| 490 | 0 | |a Actualités Scientifiques et Industrielles. |v 1332 | |
| 505 | |a Chapitres 1 et 2: Algébres normées, groupes localment compacts commutatifs. | ||
| 583 | |a last modification |c 19990313 00:00:00 |k Rodrigo Vera | ||
| 650 | 0 | |a Teoría espectral |9 422369 | |
| 650 | 7 | |a GRUPOS LOCALMENTE COMPACTOS |2 CL-VaPUC |9 425960 | |
| 650 | 0 | |a Álgebras conmutativas |x Álgebras de Banach |9 425961 | |
| 650 | 0 | |a Álgebras normadas |9 425962 | |
| 650 | 0 | |a Transformada de Fourier |9 425331 | |
| 942 | |c BK |2 ddc | ||
| 945 | |d 19990313 00:00:00 |a crobeson | ||
| 952 | |0 0 |1 0 |2 ddc |4 0 |6 515_722000000000000_BOU_1967 |7 0 |8 A |9 318450 |a BIBMAT |b BIBMAT |d 2019-11-20 |h v.32 |i 1322605 |o 515.722 BOU 1967 |p 1322605 |r 2025-01-07 |t 1 |w 2019-11-20 |y BK |k MAT | ||
| 952 | |0 0 |1 0 |2 ddc |4 0 |6 515_722000000000000_BOU_1967 |7 0 |8 A |9 318451 |a BIBMAT |b BIBMAT |d 2019-11-20 |h v.32 |i 1322656 |o 515.722 BOU 1967 |p 1322656 |r 2025-01-07 |t 2 |w 2019-11-20 |y BK |k MAT | ||
| 952 | |0 0 |1 0 |2 ddc |4 0 |6 515_722000000000000_BOU_1967 |7 0 |8 A |9 318452 |a BIBMAT |b BIBMAT |d 2019-11-20 |h v.32 |i 132246K |o 515.722 BOU 1967 |p 132246K |r 2025-01-07 |t 3 |w 2019-11-20 |y BK |k MAT | ||
| 952 | |0 0 |1 0 |2 ddc |4 0 |6 515_722000000000000_BOU_1967 |7 0 |8 A |9 318453 |a BIBMAT |b BIBMAT |d 2019-11-20 |h v.32 |i 1323237 |o 515.722 BOU 1967 |p 1323237 |r 2025-01-07 |t 4 |w 2019-11-20 |y BK |k MAT | ||